000 00242nam a22000977a 4500
999 _c16203
_d16203
003 OSt
008 200623b ||||| |||| 00| 0 eng d
100 _aK N vasudeva panikkar
_94623
245 _aGeneral English for Pre-degree classes
942 _cBK